00483nam a2200193 a 4500001001300000003000900013005001700022008004100039020001000080082001300090100001500103245002900118260005800147300000800205500003500213505001000248650001600258700001500274nice12345678IN_TiNIC20260116011528.0050524s1955 lona grp 000 0 eng  ac10000a239bNIL aNiles, D T aReading the Bible To-Day aLondonbUnited Society for Christian Literaturec1955 a80p aincludes index and biblioraphy2 aindex aApologetics1 aNiles, D T